00880naa#a2200169#i#4500001004000000005001700040011001400057100004100071102000700112200019100119210019500310215001000505608004500515675006100560700005200621856003700673RU\FGKOU VO SPBU MVD ROSSII\bibl\12484420260704212854.6##a2227-7226##a20260630b2026####ek#y0rusy0150####ca##aRU1#aПравовое и организационное обеспечение реализации цифрового оперативного поискаeЖурнальная статья1#aСанкт-ПетербургcСАНКТ-ПЕТЕРБУРГСКИЙ УНИВЕРСИТЕТ МИНИСТЕРСТВА ВНУТРЕННИХ ДЕЛ РОССИЙСКОЙ ФЕДЕРАЦИИd2026##a6 с.##aЖурнальная статья2local##aВедение следствия. Розыск. 343.102#1aЖандровgВладимир Юрьевич4#arussianjournaldeviantbehavior.ru